| Registos Bibliográficos associados ao registo de autoridade |
|
Etiqueta de registo: 00230nam 2200025 450 001 1737743 003 http://id.bnportugal.gov.pt/bib/catbnp/1737743 100 ## $a20100217d2007 k y0pory0103 ba 101 0# $apor$deng 102 ## $aPT 105 ## $aa m 001yy 106 ## $ar 200 1# $aReaproveitamento de resíduos abandonados em sucatas aplicados a projectos de design
industrial$bTexto policopiado]$fLuís Miguel da Silva Ribeiro$gorient. António José de Macedo Coutinho da Cruz Rodrigues, Ana Cristina Colaço Maruta
Mestre 210 #9 $a[Lisboa$cs.n.],$d2007 215 ## $a104 p.$cil.$d30 cm$ecurriculum vitae (3) f. 320 ## $aContém bibliografia 328 #0 $bTese mestr.$cDesign e Cultura Visual (Design de Produção Industrial)$eEscola Sup. de Design, Inst. de Artes Visuais, Design e Marketing$d2007 675 ## $a7.05(469)(043)$vBN$zpor$90$31240005 675 ## $a502.17(469)(043)$vBN$zpor$31257528 675 ## $a628.54(469)(043)$vBN$zpor$31228913 700 #1 $aRibeiro,$bLuís Miguel da Silva,$f1981-$31410770 702 #1 $aRodrigues,$bAntónio José de Macedo Coutinho da Cruz$4727$31410771 702 #1 $aMestre,$bAna$4727$31363044 712 02 $aInstituto de Artes Visuais Design e Marketing.$bEscola Superior de Design$4295$31376897 801 #0 $aPT$bBN$gRPC 966 ## $lBN$mFGMON$sB.A. 31223 V.
Etiqueta de registo: 00230nam 2200025 450 001 1865682 003 http://id.bnportugal.gov.pt/bib/catbnp/1865682 100 ## $a20140228d2013 k y0pory01030103ba 101 0# $apor$deng 102 ## $aPT 105 ## $aa m 001yy 106 ## $ar 200 1# $aFerramentas estratégicas para incorporação do Design nas PME, no âmbito de processos
de internacionalização$fAntónio José de Macedo Coutinho da Cruz Rodrigues$gorient. Fernando António de Oliveira Carvalho Rodrigues, Carlos Alberto Miranda Duarte 210 #9 $a[Lisboa$cs.n.],$d2013 215 ## $aXXVIII, 302 p., [5] f. desdobr.$cil.$d30 cm 320 ## $aBibliografia, p. 291-302 328 #1 $bTese dout. Design, IADE-U - Inst. de Arte, Design e Empresa - Universitário, 2013 675 ## $a7.05(043)$vBN$zpor$3818439 675 ## $a005(043)$vBN$zpor$31220589 700 #1 $aRodrigues,$bAntónio José de Macedo Coutinho da Cruz$31410771 702 #1 $aRodrigues,$bFernando António de Oliveira Carvalho$4727$31213678 702 #1 $aDuarte,$bCarlos Alberto Miranda$4727$31160267 801 #0 $aPT$bBN$gRPC 966 ## $lBN$mFGMON$sB.A. 37256 V.$x1
Etiqueta de registo: 00254nam 2200025 450 001 2284447 003 http://id.bnportugal.gov.pt/bib/catbnp/2284447 100 ## $a20260415d2025 k y0pory01030103ba 101 0# $apor$deng 102 ## $aPT 105 ## $aa m 000yy 106 ## $ar 200 1# $a Os pigmentos naturais das Serras do Socorro e Archeira e a sua utilização pela Associação
Live With Earth$fRui Pessoa Vaz de Figueiredo Vasques$gorient. António José de Macedo Coutinho da Cruz Rodrigues, Diamantino dos Santos Diniz
de Abreu 210 #9 $aLisboa$c[s.n.],$d2025 215 ## $a[18], 318 p.$cil.$d30 cm 328 #1 $aTese dout. Design, IADE - Faculdade de Design, Tecnologia e Comunicação, Universidade
Europeia, 2025 700 #1 $aVasques,$bRui Pessoa Vaz de Figueiredo,$f1988-$31995770 702 #1 $aRodrigues,$bAntónio José de Macedo Coutinho da Cruz$4727$31410771 702 #1 $aAbreu,$bDiamantino$4727$31370068 801 #0 $aPT$bBN$gRPC 966 ## $lBN$mFGMON$x1 971 ## $cssilva$d20260415
|
|
|